000 00735nam a2200193 a 4500
003 0
005 20250310142412.0
008 080730s19uu xx 00 eng d
050 _aPGS BF 723.S3.S25
_b.W246 2008
100 _aWang, Ding Uen.
245 _aSelf-esteem of middle school students with and without siblings in school /
_cDing Uen Wang,
260 _aLas PiƱas City, Philippines :
_bSouthville International School and Colleges,
_c2008.
300 _a37 pages :
_billustrations ;
_c28 cm.
504 _aIncludes bibliographical references.
650 _aSelf-esteem in children.
650 _aMiddle school students
_vPsychology.
650 _aSibling relationships
_vPsychological aspects.
942 _2lcc
_cPASS
999 _c97996
_d97996